000 00264nam a2200109Ia 4500
008 201216s9999 xx 000 0 und d
100 _aLoomis, Mary E. S.
245 0 _aData Communications
260 _aEnglewood Cliffs
_bprentice Hall
300 _a212
942 _cBK
999 _c6151
_d6151